Mudrci nám radia, aby sme si jedlo kúpili v bufete

Bibliographic Details
Main Authors: Lettrich, Roman (Author), Cabadaj, Rudolf, 1940- (Author), Minďaš, Jozef, 1963- (Author), Húska, Dušan, 1935- (Author), Miština, Timotej, 1944- (Author), Mihina, Štefan, 1950-2021 (Author)
Format: Article
Language:Slovak
ISSN:1335-440X
Subjects:

MARC

LEADER 00000nab a2200000 ar4500
001 vtls008830186
003 SK-MaSNL
005 20260426072714.0
008 060711c20060616xo |||||||||||000 b|slo
015 |a SNBRB2006/07  |2 snkbucl 
038 |a SNKBUCL 
040 |a SNKBUCL  |b slo  |c SNKBUCL  |e AACR2 
041 0 |a slo 
044 |a xo  |c SK 
080 |a 63:001.891  |x (437.6)  |2 1997 
080 |a 001.891  |x (437.6)  |2 1997 
245 0 0 |a Mudrci nám radia, aby sme si jedlo kúpili v bufete  |c pripravil Roman Lettrich 
650 0 7 |a pôdohospodárstvo  |2 snkbucl  |9 19449 
650 0 7 |a výskum  |2 snkbucl  |9 4238 
651 7 |a Slovensko  |2 snkbucl  |9 14231 
655 7 |a ankety  |2 snkbucl  |9 54526 
700 1 |a Lettrich, Roman  |4 aut  |9 856760 
700 1 |a Cabadaj, Rudolf,  |d 1940-   |4 aut  |9 107699 
700 1 |a Minďaš, Jozef,  |d 1963-  |4 aut  |9 224294 
700 1 |a Húska, Dušan,  |d 1935-  |4 aut  |9 119818 
700 1 |a Miština, Timotej,  |d 1944-  |4 aut  |9 26488 
700 1 |a Mihina, Štefan,  |d 1950-2021  |4 aut  |9 232161 
773 0 |t Sme. Roľnícke noviny  |g Č. 138 (16.6.2006)  |x 1335-440X 
773 0 8 |i Príl.:  |t Roľnícke noviny  |g Č. 25 (16.6.2006), s. 1 a 3 
852 |a SNK  |b KIS3GCP 
958 |a SK 
999 |c 2691313  |d 2693243